000 00525nam a2200181Ia 4500
001 20723
005 20260306172826.0
008 260306t2019||||xx |||||||||||||| ||spa||
041 _aESP
082 _a343.7
_bM86 2019 T. 2
100 _aMorón Urbina, Juan Carlos
_eAUT
245 0 _aComentarios a la ley del procedimiento administrativo general:
_bnuevo texto único ordenado de la ley Nº 27444
260 _c2019
300 _a861 páginas :
_c25 cm.
650 _aGEN
654 _aCDE
942 _cLIB
_dJUS
_fJUS
_2ddc
_n
999 _c20723
_d20723